[Event "Hastings Masters op"]
[Site "Hastings"]
[Date "2024.01.05"]
[Round "9"]
[White "Arkell, Keith C"]
[Black "Thompson, Ian D"]
[Result "1-0"]
[WhiteElo "2371"]
[BlackElo "2011"]
[PlyCount "119"]
[EventDate "2023.12.28"]
[EventType "swiss"]
[EventRounds "9"]
[EventCountry "ENG"]
[SourceTitle "CB02_2024"]
[SourceDate "2024.01.10"]
[SourceVersion "1"]
[SourceVersionDate "2024.01.10"]
[SourceQuality "1"]

1. d4 Nf6 2. Nf3 c5 3. d5 b5 4. Bg5 Qb6 5. Bxf6 Qxf6 6. c3 g6 7. e4 Qb6 8. Nbd2 Bg7 9. a4 b4 10. Nc4 Qb7 11. e5 0-0 12. Be2 f6 13. d6 e6 14. 0-0 Nc6 15. exf6 Bxf6 16. Qd2 Qb8 17. Ng5 Ne5 18. Ne4 Nxc4 19. Bxc4 Bb7 20. Nxc5 bxc3 21. bxc3 Qc8 22. Qe3 Qc6 23. Nxb7 Qxc4 24. Nc5 Rf7 25. Ne4 Bd8 26. Rfe1 Bb6 27. Qe2 Qd5 28. Rad1 Qa5 29. Qb5 Qxb5 30. axb5 Rc8 31. Rd2 Rf5 32. Kf1 Kg7 33. Rb2 Rc4 34. f3 h6 35. Ree2 g5 36. h3 Kg6 37. Ke1 h5 38. Red2 Ba5 39. Rb3 g4 40. hxg4 hxg4 41. Ke2 gxf3+ 42. gxf3 Rd5 43. Rd3 Ra4 44. Rxd5 exd5 45. Nc5 Ra2+ 46. Kd3 Kf5 47. Rb1 Ke5 48. Nb7 Ra3 49. Re1+ Kf6 50. Nxa5 Rxa5 51. Re7 Rxb5 52. Kd4 Rb1 53. Kxd5 Rd1+ 54. Kc5 Rd3 55. c4 Rxf3 56. Rxd7 a5 57. Ra7 Ke6 58. Rxa5 Rf5+ 59. Kb6 Rf1 60. Kc6 1-0

[Event "Norway Chess op"]
[Site "Stavanger"]
[Date "2023.05.29"]
[Round "5"]
[White "Murphy, Dara"]
[Black "Thompson, Ian D"]
[Result "1/2-1/2"]
[WhiteElo "1922"]
[BlackElo "2064"]
[PlyCount "125"]
[EventDate "2023.05.27"]
[EventType "swiss"]
[EventRounds "10"]
[EventCountry "NOR"]
[SourceTitle "CBM 214 Extra"]
[Source "ChessBase"]
[SourceDate "2023.07.31"]
[SourceVersion "1"]
[SourceVersionDate "2023.07.31"]
[SourceQuality "1"]

1. e4 e6 2. d3 d5 3. Nd2 Nf6 4. Ngf3 c5 5. g3 Nc6 6. Bg2 Be7 7. 0-0 Qc7 8. Re1 b6 9. e5 Nd7 10. Qe2 Bb7 11. Nf1 h6 12. h4 0-0-0 13. a4 Rdg8 14. Bd2 g5 15. hxg5 hxg5 16. g4 Rg6 17. Ng3 Kb8 18. c3 Rhg8 19. Rab1 f6 20. d4 fxe5 21. dxe5 Na5 22. b3 Ka8 23. Nf1 Rh6 24. Bc1 Nc6 25. Ba3 Qd8 26. b4 Qf8 27. a5 cxb4 28. cxb4 Nxa5 29. bxa5 Bxa3 30. Qb5 Nb8 31. axb6 a6 32. Qa4 Rgh8 33. Nd4 Bc5 34. Re2 Bxd4 35. Qxd4 Nc6 36. Qa4 Qf4 37. Qxf4 gxf4 38. Nd2 Nd4 39. Ree1 Rg6 40. f3 Nc2 41. Rec1 Ne3 42. Rc7 Rgh6 43. Nf1 Nc4 44. Rf7 Nxe5 45. Rxf4 Nc4 46. Rf7 e5 47. Kf2 Rxb6 48. Rxb6 Nxb6 49. Re7 e4 50. fxe4 Rf8+ 51. Ke2 Rf4 52. exd5 Bxd5 53. Bxd5+ Nxd5 54. Re8+ Kb7 55. Ne3 Nxe3 56. Kxe3 Rxg4 57. Re6 Rc4 58. Kd3 Rc5 59. Kd2 a5 60. Kd1 a4 61. Re4 Rd5+ 62. Kc2 a3 63. Ra4 1/2-1/2

[Event "Norway Chess op"]
[Site "Stavanger"]
[Date "2023.05.29"]
[Round "4"]
[White "Thompson, Ian D"]
[Black "Aarav, Sarbalia"]
[Result "1/2-1/2"]
[WhiteElo "2064"]
[BlackElo "1718"]
[PlyCount "90"]
[EventDate "2023.05.27"]
[EventType "swiss"]
[EventRounds "10"]
[EventCountry "NOR"]
[SourceTitle "CBM 214 Extra"]
[Source "ChessBase"]
[SourceDate "2023.07.31"]
[SourceVersion "1"]
[SourceVersionDate "2023.07.31"]
[SourceQuality "1"]

1. c4 Nf6 2. Nc3 g6 3. g3 Bg7 4. Bg2 0-0 5. e4 d6 6. Nge2 c5 7. 0-0 Nc6 8. d3 a6 9. Rb1 Rb8 10. a4 Ne8 11. Be3 Nc7 12. d4 cxd4 13. Nxd4 Bd7 14. b3 Nxd4 15. Bxd4 Bxd4 16. Qxd4 Ne6 17. Qe3 Re8 18. e5 Ng7 19. exd6 exd6 20. Qd2 Nf5 21. Rbe1 Bc6 22. Nd5 Bxd5 23. Qxd5 Rxe1 24. Rxe1 b5 25. axb5 axb5 26. Bh3 bxc4 27. Bxf5 gxf5 28. bxc4 Qf6 29. Rd1 Rc8 30. Qd4 Qe6 31. Qxd6 Qxd6 32. Rxd6 Rxc4 33. Rd5 f4 34. Rg5+ Kf8 35. Kg2 fxg3 36. hxg3 f6 37. Ra5 Kg7 38. f3 Kg6 39. g4 Rd4 40. Kg3 Rb4 41. Ra6 Rb5 42. f4 h6 43. Kh4 Rb7 44. Ra8 Kg7 45. Rc8 Ra7 1/2-1/2

[Event "ENG-ch Seniors 50"]
[Site "Leamington Spa"]
[Date "2023.05.07"]
[Round "5"]
[White "Thompson, Ian D"]
[Black "Bradbury, Neil H"]
[Result "1/2-1/2"]
[WhiteElo "2064"]
[BlackElo "2215"]
[PlyCount "95"]
[EventDate "2023.05.04"]
[EventType "swiss"]
[EventRounds "7"]
[EventCountry "ENG"]
[SourceTitle "CBM 214 Extra"]
[Source "ChessBase"]
[SourceDate "2023.07.31"]
[SourceVersion "1"]
[SourceVersionDate "2023.07.31"]
[SourceQuality "1"]

1. c4 e6 2. Nc3 d5 3. d4 Nf6 4. Bg5 Be7 5. cxd5 exd5 6. e3 c6 7. Bd3 h6 8. Bf4 Be6 9. h3 Nbd7 10. Rc1 0-0 11. Nf3 Re8 12. 0-0 a5 13. a4 Qb6 14. Qe2 Bf8 15. Bh2 Rad8 16. Bb1 g6 17. Ne1 Bg7 18. Kh1 Nf8 19. Qd2 Bc8 20. Nd3 Bf5 21. Nc5 Bxb1 22. Rxb1 Ne6 23. Nxe6 Rxe6 24. Be5 Bf8 25. Qc2 Nh5 26. Ne2 Bd6 27. Bxd6 Rdxd6 28. Rfc1 Nf6 29. Nf4 Re7 30. Nd3 Qd8 31. b4 axb4 32. Rxb4 Ne4 33. Rcb1 Qa8 34. Nc5 Nxc5 35. Qxc5 Rdd7 36. a5 Rc7 37. Rb6 Kg7 38. Kg1 Qc8 39. Ra1 Qd7 40. a6 bxa6 41. Raxa6 Re6 42. Rb8 Rc8 43. Raa8 Ree8 44. Rxc8 Rxc8 45. Ra7 Rc7 46. Ra6 Qc8 47. Rb6 Qd7 48. Ra6 1/2-1/2

[Event "BCF-chT3E 2223 (4NCL)"]
[Site "England"]
[Date "2023.05.01"]
[Round "11.23"]
[White "Lambourne, Daniel M"]
[Black "Thompson, Ian D"]
[Result "1/2-1/2"]
[WhiteElo "1955"]
[BlackElo "2078"]
[PlyCount "73"]
[EventDate "2022.11.05"]
[EventType "team-tourn"]
[EventRounds "11"]
[EventCountry "ENG"]
[SourceTitle "EXT 2024"]
[Source "ChessBase"]
[SourceDate "2023.10.10"]
[SourceVersion "1"]
[SourceVersionDate "2023.10.10"]
[SourceQuality "1"]
[WhiteTeam "MK Phoenix"]
[BlackTeam "Crowthorne"]
[WhiteTeamCountry "ENG"]
[BlackTeamCountry "ENG"]

1. d4 d5 2. Nf3 Nf6 3. Bf4 g6 4. e3 Bg7 5. Nbd2 0-0 6. c3 c5 7. Bd3 Nbd7 8. 0-0 b6 9. Ne5 Bb7 10. Qf3 Nh5 11. Nxd7 Qxd7 12. Rad1 Nxf4 13. Qxf4 Rae8 14. Nf3 f6 15. Qh4 e5 16. dxe5 fxe5 17. Bc4 Bf6 18. Qg3 Qe6 19. Bb3 e4 20. Ng5 Bxg5 21. Qxg5 Rf5 22. Qg3 Ba6 23. Rfe1 Bd3 24. Rd2 c4 25. Bd1 Qf6 26. Bg4 Rfe5 27. h4 Kh8 28. Bd1 Rg8 29. Qg4 Qe7 30. f4 exf3 31. Bxf3 Be4 32. Bxe4 Rxe4 33. Qg5 Qxg5 34. hxg5 Rd8 35. Red1 Rxe3 36. Rxd5 Rxd5 37. Rxd5 1/2-1/2

[Event "ENG-ch Chessable"]
[Site "Kenilworth"]
[Date "2022.05.21"]
[Round "5"]
[White "Thompson, Ian D"]
[Black "Zheng, Harry Z"]
[Result "1/2-1/2"]
[WhiteElo "2074"]
[BlackElo "1915"]
[PlyCount "72"]
[EventDate "2022.05.19"]
[EventType "swiss"]
[EventRounds "7"]
[EventCountry "ENG"]
[SourceTitle "CBM 208 Extra"]
[Source "ChessBase"]
[SourceDate "2022.07.31"]
[SourceVersion "1"]
[SourceVersionDate "2022.07.31"]
[SourceQuality "1"]

1. c4 e5 2. g3 Nf6 3. Bg2 d5 4. cxd5 Nxd5 5. Nf3 Nc6 6. 0-0 Nb6 7. b3 Be7 8. Bb2 f6 9. Qc1 0-0 10. Rd1 Nd4 11. Nxd4 exd4 12. d3 f5 13. Nd2 f4 14. Nf3 fxg3 15. hxg3 c5 16. b4 Na4 17. Qc4+ Kh8 18. Rab1 Nxb2 19. Rxb2 Qb6 20. Rdb1 Be6 21. Qc1 cxb4 22. Ng5 Rac8 23. Qd2 Bg8 24. Be4 a5 25. Kg2 h6 26. Nf3 a4 27. Ne5 Bf7 28. Nd7 Qc7 29. Nxf8 Bxf8 30. Rxb4 Bxb4 31. Rxb4 Qc3 32. Qf4 Qxb4 33. Qf5 Bg8 34. Qxc8 Qd6 35. Qxb7 a3 36. Qa8 Qc5 1/2-1/2

[Event "ENG-ch Chessable"]
[Site "Kenilworth"]
[Date "2022.05.19"]
[Round "2"]
[White "Southcott Moyers, Indy"]
[Black "Thompson, Ian D"]
[Result "1/2-1/2"]
[WhiteElo "2028"]
[BlackElo "2074"]
[PlyCount "34"]
[EventDate "2022.05.19"]
[EventType "swiss"]
[EventRounds "7"]
[EventCountry "ENG"]
[SourceTitle "CBM 208 Extra"]
[Source "ChessBase"]
[SourceDate "2022.07.31"]
[SourceVersion "1"]
[SourceVersionDate "2022.07.31"]
[SourceQuality "1"]

1. d4 d5 2. c4 c6 3. cxd5 cxd5 4. Nc3 Nc6 5. Nf3 Nf6 6. Bf4 a6 7. e3 Bg4 8. Be2 e6 9. Ne5 Bxe2 10. Qxe2 Rc8 11. 0-0 Bd6 12. Nxc6 Rxc6 13. Bxd6 Qxd6 14. Rfc1 0-0 15. Na4 Rfc8 16. Nc5 Nd7 17. Nd3 Rxc1+ 1/2-1/2

[Event "ENG Chessable-ch Seniors 50+"]
[Site "Kenilworth"]
[Date "2022.05.07"]
[Round "6"]
[White "Henderson, David"]
[Black "Thompson, Ian D"]
[Result "1-0"]
[WhiteElo "2104"]
[BlackElo "2074"]
[PlyCount "75"]
[EventDate "2022.05.04"]
[EventType "swiss"]
[EventRounds "7"]
[EventCountry "ENG"]
[SourceTitle "CBM 208 Extra"]
[Source "ChessBase"]
[SourceDate "2022.07.31"]
[SourceVersion "1"]
[SourceVersionDate "2022.07.31"]
[SourceQuality "1"]

1. c4 e6 2. g3 d5 3. Bg2 Nf6 4. Nf3 c6 5. b3 Nbd7 6. d4 b6 7. 0-0 Bb7 8. Nc3 Be7 9. Bb2 0-0 10. Rc1 Bd6 11. Qc2 Qe7 12. e4 dxe4 13. Nxe4 Nxe4 14. Qxe4 Ba3 15. Rc2 Bxb2 16. Rxb2 Rfd8 17. Rd1 Rac8 18. Rbd2 Qf8 19. Qc2 h6 20. Ne5 Rc7 21. h4 Rdc8 22. Qb2 Qe7 23. Qb1 c5 24. Bxb7 Rxb7 25. Qe4 Nf6 26. Qe3 cxd4 27. Rxd4 h5 28. Qf3 Rbc7 29. Kg2 g6 30. a4 Kg7 31. Qc3 Kh7 32. R1d3 Rf8 33. Qd2 Qe8 34. Qf4 Qe7 35. Qg5 Kg7 36. Rd7 Rxd7 37. Rxd7 Qc5 38. Qxg6+ 1-0

[Event "Daventry 4NCL Easter op-A 2nd"]
[Site "Daventry"]
[Date "2022.04.16"]
[Round "3"]
[White "Thompson, Ian D"]
[Black "Southcott Moyers, Indy"]
[Result "1/2-1/2"]
[WhiteElo "2070"]
[BlackElo "2052"]
[PlyCount "53"]
[EventDate "2022.04.15"]
[EventType "swiss"]
[EventRounds "7"]
[EventCountry "ENG"]
[SourceTitle "CBM 207 Extra"]
[Source "ChessBase"]
[SourceDate "2022.05.31"]
[SourceVersion "1"]
[SourceVersionDate "2022.05.31"]
[SourceQuality "1"]

1. c4 e5 2. g3 c6 3. d4 e4 4. Nc3 Nf6 5. Bg5 Bb4 6. Qb3 Bxc3+ 7. Qxc3 0-0 8. Bg2 d5 9. f3 exf3 10. Nxf3 Ne4 11. Bxd8 Nxc3 12. Ba5 Ne4 13. Rc1 Be6 14. b3 Nd7 15. Nd2 f5 16. 0-0 Nxd2 17. Bxd2 Nf6 18. cxd5 Nxd5 19. e4 fxe4 20. Bxe4 Nf6 21. Rce1 Nxe4 22. Rxe4 Rxf1+ 23. Kxf1 Rf8+ 24. Ke1 Bd5 25. Re5 Kf7 26. Rf5+ Kg8 27. Rxf8+ 1/2-1/2

[Event "Prague op-A 20th"]
[Site "Prague"]
[Date "2022.01.11"]
[Round "6"]
[White "Thompson, Ian D"]
[Black "Bomans, Arno"]
[Result "0-1"]
[WhiteElo "2095"]
[BlackElo "2246"]
[PlyCount "100"]
[EventDate "2022.01.07"]
[EventType "swiss"]
[EventRounds "9"]
[EventCountry "CZE"]
[SourceTitle "CBM 206 Extra"]
[Source "ChessBase"]
[SourceDate "2022.03.31"]
[SourceVersion "1"]
[SourceVersionDate "2022.03.31"]
[SourceQuality "1"]

1. Nf3 c5 2. c4 Nc6 3. Nc3 e5 4. g3 g6 5. Bg2 Bg7 6. 0-0 d6 7. d3 Nge7 8. a3 a5 9. Rb1 0-0 10. Bd2 Rb8 11. Qa4 Be6 12. Rfc1 h6 13. Ne1 Nd4 14. Qd1 b5 15. e3 bxc4 16. exd4 exd4 17. Ne2 cxd3 18. Nxd3 Ba2 19. Ra1 Bb3 20. Qe1 a4 21. Nxc5 dxc5 22. Rxc5 d3 23. Nc3 Nf5 24. Bf4 Bc2 25. Rd5 Qc8 26. Rc1 Rxb2 27. Nxa4 Ra2 28. Qb4 Qa6 29. Ra5 Qf6 30. Bd5 Ra1 31. Kg2 Rxc1 32. Bxc1 Nd4 33. Bb2 Rd8 34. Bb7 Rb8 35. Nc5 Rxb7 36. Nxb7 Qf3+ 37. Kh3 d2 38. Qxd2 Qxb7 39. Bxd4 Qd7+ 40. g4 h5 41. f3 hxg4+ 42. fxg4 Be4 43. Bc3 Bd3 44. Ra8+ Kh7 45. Qf2 g5 46. Bxg7 Kxg7 47. Ra5 Kg6 48. Qb6+ f6 49. Qf2 Be4 50. Qe3 Qh7+ 0-1

[Event "Innsbruck op 4th"]
[Site "Innsbruck"]
[Date "2020.08.22"]
[Round "1"]
[White "Thybo, Jesper Sondergaard"]
[Black "Thompson, Ian D"]
[Result "1-0"]
[WhiteElo "2577"]
[BlackElo "2129"]
[PlyCount "67"]
[EventDate "2020.08.22"]
[EventType "swiss"]
[EventRounds "9"]
[EventCountry "AUT"]
[SourceTitle "CBM 198 Extra"]
[Source "ChessBase"]
[SourceDate "2020.11.30"]
[SourceVersion "1"]
[SourceVersionDate "2020.11.30"]
[SourceQuality "1"]

1. d4 d5 2. c4 e6 3. Nf3 Nf6 4. g3 Bb4+ 5. Bd2 Be7 6. Bg2 Nbd7 7. Qc2 c6 8. 0-0 0-0 9. Bf4 Nh5 10. Bc1 f5 11. b3 Qe8 12. Ba3 Bxa3 13. Nxa3 Qe7 14. Nb1 Nhf6 15. Nbd2 e5 16. dxe5 Nxe5 17. Nxe5 Qxe5 18. cxd5 Nxd5 19. Nc4 Qf6 20. e3 Be6 21. Na5 Qe7 22. Rac1 Nb4 23. Qb1 Bd5 24. a3 Bxg2 25. Kxg2 Nd5 26. b4 Rf7 27. Qb3 a6 28. Kg1 Rd8 29. Rfd1 Rd6 30. a4 Rh6 31. b5 axb5 32. axb5 Nb4 33. Nxb7 g5 34. Nd8 1-0

[Event "Hastings Masters op 95th"]
[Site "Hastings"]
[Date "2020.01.04"]
[Round "8"]
[White "Willow, Jonah B"]
[Black "Thompson, Ian D"]
[Result "1/2-1/2"]
[WhiteElo "2355"]
[BlackElo "2141"]
[PlyCount "115"]
[EventDate "2019.12.28"]
[EventType "swiss"]
[EventRounds "9"]
[EventCountry "ENG"]
[SourceTitle "CBM 194 Extra"]
[Source "ChessBase"]
[SourceDate "2020.03.31"]
[SourceVersion "1"]
[SourceVersionDate "2020.03.31"]
[SourceQuality "1"]

1. e4 e5 2. Nf3 Nc6 3. Nc3 Nf6 4. Bb5 Bc5 5. 0-0 0-0 6. Nxe5 Nxe5 7. d4 Bd6 8. f4 Neg4 9. e5 Be7 10. Be2 d6 11. exf6 Nxf6 12. f5 d5 13. Bg5 Re8 14. Qd3 c6 15. Rae1 b5 16. Qh3 a5 17. Bd3 b4 18. Na4 Ba6 19. Nc5 Bxd3 20. cxd3 Bxc5 21. dxc5 Rxe1 22. Rxe1 Qf8 23. Bxf6 gxf6 24. Qe3 Qc8 25. Qg3+ Kh8 26. Re7 Qf8 27. Qd6 Kg7 28. Qg3+ Kh8 29. Qd6 Kg7 30. Rd7 Re8 31. Kf2 Re5 32. Rd8 Rxf5+ 33. Kg3 Qxd6+ 34. cxd6 d4 35. Rc8 Rd5 36. Rxc6 f5 37. Kf4 Kf6 38. d7+ Ke7 39. Rh6 Kxd7 40. Rxh7 Rc5 41. Rxf7+ Ke6 42. Ra7 Rc2 43. Ra6+ Ke7 44. h4 Rxg2 45. h5 Rxb2 46. h6 Kf7 47. Rxa5 Rd2 48. Ra7+ Kg8 49. Rg7+ Kh8 50. Rg3 Rxa2 51. Kxf5 b3 52. Rg6 Re2 53. Rb6 b2 54. Kg6 Rg2+ 55. Kf5 Re2 56. Rb7 Re3 57. Rxb2 Rxd3 58. Ke4 1/2-1/2

[Event "Hastings Masters op 95th"]
[Site "Hastings"]
[Date "2020.01.02"]
[Round "6"]
[White "Salmons, Calum"]
[Black "Thompson, Ian D"]
[Result "0-1"]
[WhiteElo "1796"]
[BlackElo "2141"]
[PlyCount "88"]
[EventDate "2019.12.28"]
[EventType "swiss"]
[EventRounds "9"]
[EventCountry "ENG"]
[SourceTitle "CBM 194 Extra"]
[Source "ChessBase"]
[SourceDate "2020.03.31"]
[SourceVersion "1"]
[SourceVersionDate "2020.03.31"]
[SourceQuality "1"]

1. e4 e6 2. Nf3 d5 3. e5 c5 4. b4 b6 5. a3 Qd7 6. c3 Ba6 7. Bxa6 Nxa6 8. Qe2 Nc7 9. d4 Ne7 10. Nbd2 Ng6 11. 0-0 a5 12. bxc5 bxc5 13. Nb3 c4 14. Nbd2 a4 15. g3 Ne7 16. Nb1 Nc6 17. Nh4 Na5 18. Be3 Rb8 19. f4 g6 20. g4 Be7 21. Qf2 Qd8 22. Ng2 f5 23. exf6 Bxf6 24. f5 exf5 25. gxf5 g5 26. h4 gxh4 27. Bh6 Rg8 28. Kh1 Kd7 29. Nd2 Rb2 30. Rab1 Rc2 31. Rbc1 Rxc1 32. Rxc1 Nb3 33. Re1 Nxd2 34. Qxd2 Bg5 35. Bxg5 Qxg5 36. Qc2 h3 37. Ne3 Qg3 38. Qxa4+ Kc8 39. Qd1 Qf2 40. Qe2 Rg1+ 41. Rxg1 Qxe2 42. Rg3 Ne8 43. Rxh3 Nf6 44. Ng2 Ng4 0-1